Normal view
MARC view
Entry Personal Name
001 - CONTROL NUMBER
- control field: 11214
003 - CONTROL NUMBER IDENTIFIER
- control field: BD-RjUL
005 - DATE AND TIME OF LATEST TRANSACTION
- control field: 20240129110036.0
008 - FIXED-LENGTH DATA ELEMENTS
- fixed length control field: 240129|| aca||aabn | a|a d
040 ## - CATALOGING SOURCE
- Original cataloging agency: BD-RjUL
- Transcribing agency: BD-RjUL
100 ## - HEADING--PERSONAL NAME
- Personal name: إبن الحاجب، عثمان بن عمر، ;; Ibn al-Ḥājib, ʻUthmān ibn ʻUmar,
- Dates associated with a name: 1175-1249
670 ## - SOURCE DATA FOUND
- Source citation: Work cat.: (BD-RjUL)82833: إبن الحاجب، عثمان بن عمر، ;; Ibn al-Ḥājib, ʻUthmān ibn ʻUmar, 1175-1249., شافية إبن الحاجب / ;; Shāfiyah Ibn al-Ḥājib /, 1311 [1893]